000 01150cam a22003375a 4500
001 15171035
005 20150825092547.0
008 080206t2009 moua frb 001 0 eng d
010 _a2008922504
020 _a1416036415
020 _a9781416036418 (hardcover : alk. paper)
040 _aDLC
_cDLC
_dDLC
_beng
050 0 0 _aRT41
_b.L87 2008
082 0 0 _a617.0231
_222
_bBLA
100 1 _aBlack, Joyce M.
_920394
245 0 0 _aMedical-Surgical Nursing :
_bClinical Management for Positive Outcomes /
_c Joyce M. Black, Jane Hokanson Hawks.
250 _a8th ed.
260 _aSt. Louis, Mo. :
_bSaunders/Elsevier Inc.,
_cc. 2009.
300 _a (various pagings) :
_bill. (some col.) ;
_c29 cm.
504 _aIncludes bibliographical references and index.
590 _aMohamed Hussein
650 0 _aNursing.
_920391
_2BUEsh
650 0 _aSurgical nursing.
_920392
_2BUEsh
650 0 _aPsychophysiology.
_920393
_2BUEsh
651 _2BUEsh
653 _bNNUR
_cAugust2015
700 1 _aBlack, Joyce M.
_920394
700 1 _aHawks, Jane Hokanson.
_920395
942 _2ddc
_cBB
999 _c10851
_d10851